| 000 | 01646nam a22002775i 4500 | ||
|---|---|---|---|
| 001 | 165519 | ||
| 003 | ES-MaACL | ||
| 005 | 20250722065505.0 | ||
| 008 | 000113s1895 sp ac |||| | spa d | ||
| 040 |
_aCCPB | B _bspa _cCCPB | B |
||
| 245 | 0 | 0 |
_aSolemne sesión apologética celebrada por la Facultad de Medicina de Valencia para honrar la memoria de sus antiguos catedráticos los doctores Plaza, Collado y Piquer _b: abril de 1895. |
| 260 |
_aValencia : _b[s.n.], _c1895 ( _fImprenta de Federico Domenech) |
||
| 300 |
_a312 p. : _bil. ; _c27 cm. |
||
| 505 | 8 | _aContiene: Noticia histórica del catedrático valenciano de materia médica Dr. Juan Plaza / escrita por Vicente Peset y Cervera. El Doctor Luis Collado catedrático del siglo XVI : memoria apologética / por Peregrín Casanova y Ciurana. Ensayo biográfico-bibliográfico del Dr. D. Andrés Piquer y Arrufat / por Julio Magraner y Marinas. Homenaje de respeto, consideración y afecto á la Escuela Médica Valenciana / discurso por el Dr. D. Nicolás Ferrer y Julve | |
| 599 | _aIl. grab. xil. intercalados en el texto, con los retrs. de dichos Doctores. | ||
| 600 | 1 | 4 |
_aPlaza, Juan- _vBiografías. _9131217 |
| 600 | 1 | 4 |
_aCollado, Luis- _vBiografías. _9126540 |
| 600 | 1 | 7 |
_aPiquer, Andrés, _d1711-1772- _xBiografías _2 _9131176 |
| 700 | 1 |
_aPeset y Cervera, Vicente. _991439 |
|
| 700 | 1 |
_aCasanova Cuirana, Peregrín. _9152585 |
|
| 700 | 0 |
_aFerrer y Julve, Nicolás. _950510 |
|
| 700 | 1 |
_aMagraner y Marinas, Julio. _9152586 |
|
| 710 | 2 |
_aUniversidad de Valencia. _bFacultad de Medicina. _97327 |
|
| 852 |
_aES-MaACL _jG-9959 _z-- Enc. hol. |
||
| 999 |
_c165519 _d165519 |
||